[Event "Agneaux St Lo op"]
[Site "Agneaux"]
[Date "2010.07.07"]
[Round "1"]
[White "Des Bouillons, Frederic"]
[Black "Amoyal, Pierre"]
[Result "0-1"]
[WhiteElo "1870"]
[BlackElo "2175"]
[PlyCount "108"]
[EventDate "2010.07.07"]
[EventType "swiss"]
[EventRounds "9"]
[EventCountry "FRA"]
[SourceTitle "CBM 137 Extra"]
[Source "ChessBase"]
[SourceDate "2010.09.01"]
[SourceVersion "1"]
[SourceVersionDate "2010.09.01"]
[SourceQuality "1"]

1. e4 e5 2. Nf3 Nc6 3. Nc3 Nf6 4. Bb5 Bd6 5. d3 h6 6. Be3 0-0 7. h3 a6 8. Ba4 b5 9. Bb3 Na5 10. 0-0 Bb7 11. Nh2 Nxb3 12. axb3 Qe7 13. Qf3 Qe6 14. Ne2 Kh7 15. Ng3 g6 16. Qe2 Ng8 17. Qd2 f5 18. f4 exf4 19. Bxf4 Bc5+ 20. d4 Bb6 21. exf5 gxf5 22. Nf3 Rae8 23. Kh2 Qd5 24. Qd3 Re4 25. Be3 Qd6 26. Nd2 Rxe3 27. Qxe3 Bxd4 28. Qd3 Be5 29. Qxd6 Bxd6 30. Rae1 Rf6 31. Rf2 Rg6 32. Ndf1 Be4 33. h4 Nf6 34. Kh3 Ng4 35. Nxe4 fxe4 36. Rfe2 e3 37. g3 Bc5 38. Nh2 Nf2+ 39. Kg2 h5 40. Nf1 Ng4 41. Nh2 Nf6 42. Kh3 d5 43. c3 b4 44. Rf1 Ne4 45. Rf3 bxc3 46. bxc3 Nxc3 47. Re1 d4 48. Rf7+ Kg8 49. Rxc7 Bd6 50. Rc8+ Kf7 51. g4 Nd5 52. Rf1+ Nf4+ 53. Kg3 e2 54. Ra1 Nd3+ 0-1

[Event "Agneaux St Lo op 10th"]
[Site "Agneaux"]
[Date "2006.02.24"]
[Round "5"]
[White "Langlois, Xavier"]
[Black "Des Bouillons, Frederic"]
[Result "1/2-1/2"]
[WhiteElo "1790"]
[BlackElo "1790"]
[PlyCount "43"]
[EventDate "2006.02.22"]
[EventType "swiss"]
[EventRounds "7"]
[EventCountry "FRA"]
[SourceTitle "CBM 110 Extra"]
[Source "ChessBase"]
[SourceDate "2006.03.10"]
[SourceVersion "2"]
[SourceVersionDate "2006.03.10"]
[SourceQuality "1"]

1. e4 c6 2. d4 d5 3. Nc3 dxe4 4. Nxe4 Bf5 5. Ng3 Bg6 6. h4 h6 7. h5 Bh7 8. Nf3 Nf6 9. Bd3 Bxd3 10. Qxd3 Nbd7 11. Bd2 e6 12. 0-0-0 Qc7 13. Rde1 0-0-0 14. Qb3 Nb6 15. Ba5 Rd5 16. Bxb6 axb6 17. c4 Ra5 18. Re5 c5 19. Kb1 Bd6 20. Re2 Bxg3 21. fxg3 Rd8 22. Rh4 1/2-1/2